| 000 | 00721nam a2200217 a 4500 | ||
|---|---|---|---|
| 001 | 000017407 | ||
| 005 | 20240306073909.0 | ||
| 008 | 100324s1983 dr a 000 p spa d | ||
| 040 |
_aDO-SdBNP _bspa _cBNPHU |
||
| 082 |
_aCU861.3 _bM375p |
||
| 100 | 1 |
_aMartí, José, _d1853-1895 _9645 |
|
| 245 | 1 | 0 |
_aPoesías / _cJosé Martí ; prólogo Lucila Marrero. |
| 260 |
_aMiami, Florida : _bLa Moderna Poesía, _c1983. |
||
| 300 |
_a382 p. : _bil. ; _c25 cm. |
||
| 500 | _aIncluye referencias bibliográficas y notas al pie de las páginas | ||
| 650 | 4 |
_aPoesía cubana _95226 |
|
| 650 | 4 |
_aLiteratura cubana _91483 |
|
| 700 | 1 | 2 |
_aMarrero, Lucila, _epról. _938093 |
| 910 | _aValidado. Control de calidad MFF | ||
| 049 | _aBNGR | ||
| 999 |
_c16932 _d16932 |
||